| 000 | 01000nam a22002897a 4500 | ||
|---|---|---|---|
| 005 | 2011042603573.0 | ||
| 008 | 110426t xxu||||| |||| 00| 0 eng d | ||
| 010 | _aENG-102316 | ||
| 020 |
_a9788182830738 _c290.00 |
||
| 020 |
_a8182830737 _c290.00 |
||
| 035 | _aEN-85849 | ||
| 037 | _bDBAD/PUB | ||
| 040 |
_adpl _bEng |
||
| 082 | _a530.2462 | ||
| 100 |
_927456 _aGupta,S. K. |
||
| 245 |
_aKrishna's engineering physics (Uttarakhand) _cby S.K. Gupta [and Sankalp Gupta ; edited by Madhu Bala |
||
| 260 |
_aMeerut _bKrishna Prakashan Media _c2010 |
||
| 270 |
_a11, Shivaji Road _bMeerut _e250001 _minfo@krishnaprakashan.com |
||
| 300 |
_aVarious pagings _c24cm (pbk) |
||
| 610 | _927464 | ||
| 650 | _927465 | ||
| 651 | _927466 | ||
| 700 |
_927451 _aGupta, Sankalp |
||
| 710 | _927453 | ||
| 942 |
_2ddc _cEN _h530.2462 _mGUP |
||
| 999 |
_c51917 _d51917 |
||